| 000 | 00767nam a2200265Ia 4500 | ||
|---|---|---|---|
| 003 | OSt | ||
| 005 | 20220925173946.0 | ||
| 006 | a|||||r|||| 00| 0 | ||
| 007 | ta | ||
| 008 | 220923b |||||||| |||| 00| 0 eng d | ||
| 020 | _a818547981X | ||
| 037 | _cGeneral Book | ||
| 040 |
_aRTL _cRTL _beng |
||
| 041 |
_2eng _aeng |
||
| 082 | _aY:66, P0 | ||
| 100 |
_aChaudhury Ajit and others _9245405 |
||
| 245 | 0 |
_aMargin of margin _b Profile of an unrepentant postcolonial collaborator |
|
| 260 |
_aCalcutta _bAnustup _c2000 |
||
| 300 |
_a306p. _ccm. |
||
| 500 | _aBibliography: P 303-06 | ||
| 650 | _a Sociology | ||
| 650 |
_aPostmodernity _9237906 |
||
| 942 |
_hY:66, P0 _cGB _2CC |
||
| 999 |
_c489490 _d489490 |
||